The constitutional law digest / (Record no. 528)

000 -LEADER
fixed length control field 00939cam a2200289 a 4500
001 - CONTROL NUMBER
control field 14185308
005 - DATE AND TIME OF LATEST TRANSACTION
control field 20140116120830.0
008 - FIXED-LENGTH DATA ELEMENTS--GENERAL INFORMATION
fixed length control field 051201s2005 ke w 000 0 eng
010 ## - LIBRARY OF CONGRESS CONTROL NUMBER
LC control number 2005326940
020 ## - INTERNATIONAL STANDARD BOOK NUMBER
International Standard Book Number 9966703454
040 ## - CATALOGING SOURCE
Original cataloging agency DLC
Transcribing agency DLC
Modifying agency DLC
042 ## - AUTHENTICATION CODE
Authentication code lcode
043 ## - GEOGRAPHIC AREA CODE
Geographic area code f-ke---
-- f-tz---
-- f-ug---
050 00 - LIBRARY OF CONGRESS CALL NUMBER
Classification number KQC524.C65 2005
245 04 - TITLE STATEMENT
Title The constitutional law digest /
260 ## - PUBLICATION, DISTRIBUTION, ETC. (IMPRINT)
Place of publication, distribution, etc Nairobi, Kenya :
Name of publisher, distributor, etc LawAfrica,
Date of publication, distribution, etc 2005.
300 ## - PHYSICAL DESCRIPTION
Extent xli, 271 p.
440 #0 - SERIES STATEMENT/ADDED ENTRY--TITLE
Title EALS practice manual series ;
Volume number/sequential designation no. 3
650 #0 - SUBJECT ADDED ENTRY--TOPICAL TERM
Topical term or geographic name as entry element Constitutional law
Geographic subdivision Kenya
Form subdivision Digests.
650 #0 - SUBJECT ADDED ENTRY--TOPICAL TERM
Topical term or geographic name as entry element Constitutional law
Geographic subdivision Tanzania
Form subdivision Digests.
650 #0 - SUBJECT ADDED ENTRY--TOPICAL TERM
Topical term or geographic name as entry element Constitutional law
Geographic subdivision Uganda
Form subdivision Digests.
710 2# - ADDED ENTRY--CORPORATE NAME
Corporate name or jurisdiction name as entry element East African Law Society.
856 41 - ELECTRONIC LOCATION AND ACCESS
Materials specified Table of contents
Uniform Resource Identifier <a href="http://www.loc.gov/catdir/toc/fy0606/2005326940.html">http://www.loc.gov/catdir/toc/fy0606/2005326940.html</a>
906 ## - LOCAL DATA ELEMENT F, LDF (RLIN)
a 7
b cbc
c origode
d 2
e ncip
f 20
g y-gencatlg
942 ## - ADDED ENTRY ELEMENTS (KOHA)
Source of classification or shelving scheme
Item type Book
Holdings
Withdrawn status Lost status Source of classification or shelving scheme Damaged status Not for loan Home library Current library Date acquired Source of acquisition Cost, normal purchase price Total Checkouts Total Renewals Full call number Barcode Checked out Date last seen Date last borrowed Copy number Price effective from Koha item type
          Riara University Library Riara University Library 22/10/2011 Purchase 800.00 24 3 KQC524.C65 2005 1054/11 13/08/2022 28/07/2022 28/07/2022 C.1 22/10/2011 Book
          Riara University Library Riara University Library 22/10/2011 Purchase 800.00 24 1 KQC524.C65 2005 1055/11   09/01/2023 04/10/2022 C.2 22/10/2011 Book
          Riara University Library Riara University Library 22/10/2011 Purchase 800.00 37 1 KQC524.C65 2005 1056/11   23/10/2019 07/10/2019 C.3 22/10/2011 Book

Riara University Library,
P.O. Box 49940-00100,
Nairobi, Kenya.